Online Catalogue and eLibrary

The Iliad : (Record no. 3145)

MARC details
000 -LEADER
fixed length control field 00207nam a2200097Ia 4500
008 - FIXED-LENGTH DATA ELEMENTS--GENERAL INFORMATION
fixed length control field 240331s9999 xx 000 0 und d
082 ## - DDC Classification
Item Number - Author Mark MIL
100 ## - MAIN ENTRY--PERSONAL NAME
Personal name Milch, R. J
245 #4 - TITLE STATEMENT
Title The Iliad :
Remainder of title notes
942 ## - Koha item type (Biblio)
Koha item type Books in Stacks (Lending)
Holdings
Lost status Damaged status Collection code Home library Current library Shelving location Date acquired Full call number Accession Number Item type
    Lending WERC Library WERC Library Social Science Cupboard 03/31/2024 820 MIL 4046 Books in Stacks (Lending)

© WERC Library